Global office Thermometer (Record no. 119409)

MARC details
000 -LEADER
fixed length control field 00845cas a22002295a 4500
001 - CONTROL NUMBER
control field L158756
008 - FIXED-LENGTH DATA ELEMENTS--GENERAL INFORMATION
fixed length control field 150703c1998 xxkar ss eng u
035 ## - SYSTEM CONTROL NUMBER
System control number (Sirsi) u158756
041 0# - LANGUAGE CODE
Language code of text/sound track or separate title eng
110 2# - MAIN ENTRY--CORPORATE NAME
Corporate name or jurisdiction name as entry element DTZ
245 00 - TITLE STATEMENT
Title Global office Thermometer
Medium [electronic resource]
260 ## - PUBLICATION, DISTRIBUTION, ETC.
Place of publication, distribution, etc. [S.l.]
Name of publisher, distributor, etc. DTZ
Date of publication, distribution, etc. 1998-
362 0# - DATES OF PUBLICATION AND/OR SEQUENTIAL DESIGNATION
Dates of publication and/or sequential designation 1998-
490 #0 - SERIES STATEMENT
Series statement DTZ Global Office Thermometer
-- 1975
520 ## - SUMMARY, ETC.
Summary, etc. Gages the temperature of global office markets, measures the cost of occupying office space on a workstation basis, now and in the future, in 138 cities worldwide.
554 ## -
-- One per year
650 24 - SUBJECT ADDED ENTRY--TOPICAL TERM
Topical term or geographic name entry element DTZ GLOBAL OFFICE THERMOMETER
651 #4 - SUBJECT ADDED ENTRY--GEOGRAPHIC NAME
Geographic name International
690 ## - LOCAL SUBJECT ADDED ENTRY--TOPICAL TERM (OCLC, RLIN)
Topical term or geographic name as entry element Commercial property
9 (RLIN) 6227
856 40 - ELECTRONIC LOCATION AND ACCESS
Uniform Resource Identifier <a href="https://www.dtz.com/Global/Research">https://www.dtz.com/Global/Research</a>
Public note View the report free of charge at www.dtz.com after free registration.
942 ## - ADDED ENTRY ELEMENTS (KOHA)
Suppress in OPAC 0
Holdings
Withdrawn status Lost status Source of classification or shelving scheme Damaged status Not for loan Home library Current library Shelving location Date acquired Total Checkouts Full call number Barcode Date last seen Copy number Price effective from Koha item type
    Dewey Decimal Classification     Virtual Virtual Online 13/07/2015   ONLINE PUBLICATION 158756-2001 06/08/2019 1 06/08/2019 Book